| 000 | 00904nam a2200265 i 4500 | ||
|---|---|---|---|
| 001 | 164991 | ||
| 003 | ES-MaACL | ||
| 005 | 20240605120249.0 | ||
| 008 | 180723s1990 sp |||| | spa d | ||
| 020 | _a84-306-0140-6 | ||
| 040 | _cES-MaACL | ||
| 080 | _a821.134.2-14"19" | ||
| 100 | 1 |
_aHernández, Miguel, _d1910-1942 _962844 _eaut |
|
| 245 | 1 | 0 |
_aAntología poética ; _bEl labrador de más aire / _cMiguel Hernández ; edición de José Carlos Rovira, con la colaboración de Carmen Alemany. |
| 246 | _aEl labrador de más aire | ||
| 260 |
_aMadrid : _bTaurus, _c1990. |
||
| 300 |
_a391 p. ; _c18 cm. |
||
| 700 | 0 |
_aRovira, José Carlos, _d1949- _epbl _9100129 |
|
| 700 | 1 |
_aAlemany Bay, Carmen. _919731 _epbl |
|
| 740 | 3 | 2 | _aEl labrador de más aire. |
| 852 |
_aES-MaACL _jL-32126 |
||
| 942 |
_cMONOGRAFIA _n0 |
||
| 999 |
_c164991 _d164991 |
||